=LDR 00000nam 2200000 4500 =001 INLIS000000000009630 =005 20241203023024 =035 ##$$a 0010-061300000009630 =008 241203################g##########0#ind## =041 ##$$a Ind =082 ##$$a 2x4.3 =090 ##$$a 2x4.3, Hat i =100 ##$$a Hatif, Nasaruddin =245 1#$$a Ilmu Perkawinan, Problematika Sekitar Keluaga dan Rumah Tangga, /$c H.S.M.Nasaruddin Hatif =260 ##$$a Jakarta :$b Pustaka Hidayah,$c 2001 =300 ##$$a 222 hlm, 21 cm ; $c 21 X 14 cm =650 #4$$a Hukum Perkawinan =850 ##$$a NBPNMAT =084 ##$$a 2x4.3 HAT i =990 ##$$a DW00028119 =990 ##$$a DW00028120